Annin vysnívaný domov (Record no. 22323)
[ view plain ]
| 000 -LEADER | |
|---|---|
| fixed length control field | 01584cam a2200409 a 4500 |
| 001 - CONTROL NUMBER | |
| control field | 22323 |
| 003 - CONTROL NUMBER IDENTIFIER | |
| control field | VRT |
| 005 - DATE AND TIME OF LATEST TRANSACTION | |
| control field | 20260326134604.0 |
| 008 - FIXED-LENGTH DATA ELEMENTS--GENERAL INFORMATION | |
| fixed length control field | 160314s1993 xo j 0000f slo |
| 015 ## - NATIONAL BIBLIOGRAPHY NUMBER | |
| National bibliography number | SNBA1993/05 |
| 020 ## - INTERNATIONAL STANDARD BOOK NUMBER | |
| International Standard Book Number | 8006005362 |
| 020 ## - INTERNATIONAL STANDARD BOOK NUMBER | |
| International Standard Book Number | 8006002509 (sub.) |
| 035 ## - SYSTEM CONTROL NUMBER | |
| System control number | SNK000014364 |
| 039 #9 - LEVEL OF BIBLIOGRAPHIC CONTROL AND CODING DETAIL [OBSOLETE] | |
| Level of rules in bibliographic description | 202003221623 |
| Level of effort used to assign nonsubject heading access points | csnk01 |
| Level of effort used to assign subject headings | 202003221619 |
| Level of effort used to assign classification | csnk01 |
| Level of effort used to assign subject headings | 201603142120 |
| Level of effort used to assign classification | VLOAD |
| Level of effort used to assign subject headings | 201306061344 |
| Level of effort used to assign classification | VLOAD |
| 040 ## - CATALOGING SOURCE | |
| Original cataloging agency | SNK |
| Language of cataloging | slo |
| Transcribing agency | SNK |
| Description conventions | AACR2 |
| 041 1# - LANGUAGE CODE | |
| Language code of text/sound track or separate title | slo |
| Language code of original | eng |
| 044 ## - COUNTRY OF PUBLISHING/PRODUCING ENTITY CODE | |
| MARC country code | xo |
| ISO country code | SK |
| 080 ## - UNIVERSAL DECIMAL CLASSIFICATION NUMBER | |
| Universal Decimal Classification number | 820 (71)-3 |
| Edition identifier | 1981 |
| 100 1# - MAIN ENTRY--PERSONAL NAME | |
| Personal name | Montgomery, Lucy Maud, |
| Dates associated with a name | 1874-1942 |
| Relationship | aut |
| 240 10 - UNIFORM TITLE | |
| Uniform title | Anne's House of Dreams |
| Language of a work | Slovensky |
| 245 10 - TITLE STATEMENT | |
| Title | Annin vysnívaný domov |
| Statement of responsibility, etc. | Lucy Maud Montgomeryová ; [z anglického originálu Anne's House of Dreams ... preložila Elena Dzurillová] |
| 250 ## - EDITION STATEMENT | |
| Edition statement | 1. vyd. |
| 260 ## - PUBLICATION, DISTRIBUTION, ETC. | |
| Place of publication, distribution, etc. | Bratislava |
| Name of publisher, distributor, etc. | Mladé letá |
| Date of publication, distribution, etc. | 1993 |
| Place of manufacture | Nitra |
| Manufacturer | Nitrianske tlačiarne |
| 300 ## - PHYSICAL DESCRIPTION | |
| Extent | 188 s. |
| Dimensions | 20 cm |
| 490 1# - SERIES STATEMENT | |
| Series statement | Čajka |
| 655 #7 - INDEX TERM--GENRE/FORM | |
| Genre/form data or focus term | kanadské romány (anglicky) |
| Source of term | SNKPH |
| 655 #7 - INDEX TERM--GENRE/FORM | |
| Genre/form data or focus term | dievčenské romány |
| Source of term | SNKPH |
| 700 1# - ADDED ENTRY--PERSONAL NAME | |
| Personal name | Dzurillová, Elena, |
| Dates associated with a name | 1930- |
| Relationship | trl |
| 830 #0 - SERIES ADDED ENTRY--UNIFORM TITLE | |
| Uniform title | Čajka |
| 942 ## - ADDED ENTRY ELEMENTS (KOHA) | |
| Source of classification or shelving scheme | Dewey Decimal Classification |
| Koha item type | Krásna literatúra pre dospelých |
| Suppress in OPAC | No |
| 949 ## - LOCAL PROCESSING INFORMATION (OCLC) | |
| 6 | 17A0299396 |
| 9 | P60, <05>, [BOOK], {605} |
| a | snkSC 83668 D1 |
| b | snkKSP 3826/93 |
| 949 ## - LOCAL PROCESSING INFORMATION (OCLC) | |
| 6 | 270001000013591 |
| a | svkbbA 83513 |
| b | svkbbm 577996 |
| 949 ## - LOCAL PROCESSING INFORMATION (OCLC) | |
| 6 | 17A1009753 |
| a | snkSC 83668 |
| 949 ## - LOCAL PROCESSING INFORMATION (OCLC) | |
| 6 | 273K0532427 |
| a | svkpoA 151749/IV |
| b | svkpo393538 |
| o | PV 3519/93 |
| q | vytrhnutý titul. list |
| r | vytrhnutý titul. list |
| 949 ## - LOCAL PROCESSING INFORMATION (OCLC) | |
| 6 | 3830001137445 |
| a | kurukT1/MONT1-6 |
| b | kuruk2020/F1470 |
| o | D2020/Jablonský, Tomáš/PF KU/21.5.2020 |
| Stav vyradenia | Strata | Poškodenie | Spôsob nadobudnutia | Domovská knižnica | Aktuálna knižnica | Dátum nadobudnutia | Total checkouts | Čiarový kód exemplára | Date last seen | Typ exemplára |
|---|---|---|---|---|---|---|---|---|---|---|
| Dar | Obecná knižnica Horná Štubňa | Obecná knižnica Horná Štubňa | 26.03.2026 | 4736201957 | 26.03.2026 | Krásna literatúra pre dospelých |
